000 00687nam a22002297a 4500
005 20170124105947.0
010 _aA-835033
020 _c40.00
035 _aA-835033
037 _bCen Lib/Ret
040 _aDPL
_bEN
082 _a338.954
_bMEH
100 _aMehta, S. C.
_912520
245 _aIndustrial cooperatives in India /
_cby S. C. Mehta
260 _aDelhi
_bAtma Ram and Sons
_c1975
270 _bDelhi
_aKashmere Gate
_e110006
300 _axvi,323p.
_c21cm(Hb)
500 _aIncludes bibliographical references and index
650 _aEconomic policy--India
_972571
650 _aEconomic aspects -- India
_972572
942 _2ddc
_cEN
_h338.954
_mMEH
999 _c124958
_d124958